Les jumeaux célèbres (4) - Statistiques

Statistiques générales
  • Ce quiz a été pris 15 fois
  • Le résultat moyen est 4 sur 20
Statistiques - réponses
Hint Explanation Réponse % Correct
Bernard ATTALI Hauts fonctionnaires Jacques
60%
Simon YATES Cyclistes britanniques Adam
40%
Judith SHAKESPEARE De William Hamnet
33%
Elena KRUCHINKINA Biathlètes Irina
33%
Bob BRYAN Tennismen américains Mike
27%
Auguste PICCARD Physiciens Jean
20%
Jean NAVARRE Aviateurs Pierre
20%
Ursula ERIKSSON Criminelles suédoises Sabina
20%
Andreas RAVELLI Footballeurs suédois Thomas
20%
Dina AVERINA Gymnastes russes Arina
13%
Laura TREMBLE Nageuses Charlotte
13%
Steeven DEMORA Humoristes Christopher
13%
Kin NARITA Plus vieilles jumelles du monde Gin KANIE
13%
June GIBBONS Criminelles britanniques Jennifer
13%
Orlane KANOR Handballeuses Laura
13%
Tiril UDNES WENG Fondeuses norvégiennes Lotta
13%
Ronald KRAY Criminels britanniques Reginald
13%
Barbara BUSH De George W. Jenna
0%
Marie LANDRY Féministes Marguerite
0%
Ross MCWHIRTER Fondateurs du livre Guinness des Records Norris
0%
Aucun quiz correspondant
Distribution des résultats
% des personnes avec chaque résultat
Percentile par nombre de réponses
Votre historique - résultats
Vous n’avez pas pris ce quiz